Motores diesel / (Record no. 21150)

MARC details
000 -LEADER
campo de control de longitud fija 00547nam a2200181 i 4500
001 - NÚMERO DE CONTROL
campo de control 21150
003 - IDENTIFICADOR DE NÚMERO DE CONTROL
campo de control ES-MaACL
005 - FECHA Y HORA DE LA ÚLTIMA TRANSACCIÓN
campo de control 20230906152429.0
007 - CAMPO FIJO DE DESCRIPCIÓN FÍSICA--INFORMACIÓN GENERAL
campo de control de longitud fija t|
008 - DATOS DE LONGITUD FIJA--INFORMACIÓN GENERAL
campo de control de longitud fija 021121s1978 sp ||||1| spa d
245 00 - MENCIÓN DEL TÍTULO
Título Motores diesel /
Mención de responsabilidad, etc. [bajo la dirección de Bernard Adam ; versión de José Mª Lafora].
250 ## - MENCION DE EDICION
Mención de edición 2ª ed., 2ª reimp.
260 ## - PUBLICACIÓN, DISTRIBUCIÓN, ETC.
Lugar de publicación, distribución, etc. [Madrid] :
Nombre del editor, distribuidor, etc. M. Blume,
Fecha de publicación, distribución, etc. [1978]
300 ## - DESCRIPCIÓN FÍSICA
Extensión 294 p. :
Otras características físicas il. ;
Dimensiones 27 cm.
700 1# - ENTRADA AGREGADA--NOMBRE PERSONAL
Nombre de persona Adam, Bernard.
9 (RLIN) 18354
700 1# - ENTRADA AGREGADA--NOMBRE PERSONAL
Nombre de persona Lafora, José María.
9 (RLIN) 69510
852 ## - LOCALIZACIÓN
Ubicación ES-MaACL
Número de control de estantería A-9405
Sublocalización o colección R.98697
Holdings
Estatus retirado Estado de pérdida Estado de daño No para préstamo Biblioteca de origen Biblioteca actual Ubicación en estantería Fecha de adquisición Fuente de adquisición Total de préstamos Signatura topográfica completa Código de barras Visto por última vez Precio de reemplazo Tipo de ítem Koha
        Biblioteca del Ateneo de Madrid Biblioteca del Ateneo de Madrid Depósito 1 17/01/2008     A-9405 1021724 23/02/2023 23/02/2023 Libro impreso